| 000 | 00626nam a2200241Ia 4500 | ||
|---|---|---|---|
| 003 | OSt | ||
| 005 | 20221007110213.0 | ||
| 006 | a|||||r|||| 00| 0 | ||
| 007 | ta | ||
| 008 | 221006b |||||||| |||| 00| 0 eng d | ||
| 024 | _a20,599 | ||
| 037 | _cTextual | ||
| 040 |
_aLCO _cLCO _beng |
||
| 041 |
_2eng _aeng |
||
| 082 | _aZ1,98, L2 | ||
| 100 | _aMorgan Roger | ||
| 245 | 0 | _aStudy of International Affairs | |
| 260 |
_aLondon _bOxford University Press UK _c1972 |
||
| 300 | _a309 | ||
| 650 |
_aINTERNATIONAL AFFAIR _9707212 |
||
| 942 |
_hZ1,98, L2 _cTEXL |
||
| 999 |
_c1190162 _d1190162 |
||